| 000 | 00714nma a22002177a 4500 | ||
|---|---|---|---|
| 006 | g q || | ||
| 999 |
_c65090 _d65090 |
||
| 005 | 20210325210019.0 | ||
| 007 | ca mgaaaaaa | ||
| 008 | s2008 h eng d | ||
| 040 | _aNALT | ||
| 041 | _aeng | ||
| 090 | _aCD 1836 | ||
| 245 | 1 | 0 |
_a1000 Malay Words [electronic resources] / _cBerlitz. |
| 260 |
_asnh : _bBerlitz, _c2008. |
||
| 300 |
_a1 CD-ROM : _bเสียง., สี. _c4 3/4 นิ้ว. |
||
| 650 | 4 |
_aEnglish language _931572 _xGlossaries, vocabularies, etc. |
|
| 650 | 4 |
_aMalay language _931573 _xGlossaries, vocabularies, etc. |
|
| 850 | _aNALT | ||
| 942 |
_cCD _2local |
||